Návrh a realizácia elektronickej pomôcky na výpočet parametrov odrezávanej vrstvy pre vybrané technológie obrábania

Gespeichert in:
Bibliographische Detailangaben
1. Verfasser: Veverka, Juraj (Verfasst von)
Weitere Verfasser: Moravčíková, Jana (Betreuung Doktorarbeit)
Format: Manuskript Buch
Sprache:Slowakisch
Veröffentlicht: 2021
Schlagworte:
Online-Zugang:http://is.stuba.sk/zp/portal_zp.pl?podrobnosti=148775
Tags: Tag hinzufügen
Keine Tags, Fügen Sie das erste Tag hinzu!

MARC

LEADER 00000ntm a22000003a 4500
001 stuzp83865
003 SK-STU
005 20210703212320.8
007 ta
008 150427s2015----xo-----f-mn---000-0-slo-d
040 |a STU  |b slo 
041 0 |a slo 
100 1 |a Veverka, Juraj  |u 063000  |4 aut  |U MTF Materiálovotechnologická fakulta  |T MTF Ústav výrobných technológií  |X 97252  |U M3000  |Y 83  |7 97252 
242 0 1 |a Design and implementation of an electronic tool for calculating the parameters of cutting layers for the selected machining technology  |y eng 
245 1 0 |a Návrh a realizácia elektronickej pomôcky na výpočet parametrov odrezávanej vrstvy pre vybrané technológie obrábania 
260 |c 2021 
650 4 |a obrábanie  |2 slo 
650 4 |a parametre  |2 slo 
650 4 |a aplikácia  |2 slo 
650 4 |a parameters  |2 eng 
650 4 |a application  |2 eng 
650 4 |a machining  |2 eng 
700 1 |a Moravčíková, Jana  |u 063200  |k Z1  |4 ths  |U MTF Ústav výrobných technológií  |T MTF Katedra obrábania a počítačovej podpory technológií  |X 1526  |U M3200  |Y 164  |7 A000001526 
856 4 |u http://is.stuba.sk/zp/portal_zp.pl?podrobnosti=148775 
996 |c M* BP-9243  |l MMSKP  |s P  |a 0  |w stuzp83865_0001